LEADER 01720nam 2200457 450 001 000006022 005 20180801123900.0 010 $a88-00-51078-7 100 $a20001122d2000----km-y0itay0103----ba 101 0 $aita 102 $aIT 200 1 $a<> dizionario della lingua latina$fGian Biagio Conte, Emilio Pianezzola, Giuliano Ranucci 200 1 $a1 $n0002539 210 $aFirenze$cLe Monnier$d2000 215 $aXLVI, 2050 p., [5] c. di tav.$cill.$d27 cm.$e1 fasc. (98 p.) 300 $aTit. del fasc.: Buon latino, ovvero come usare bene il dizionario, a cura di Vincenzo Bugliani 606 $aLingua latina$xDizionari 676 $a473.51$v(20. ed.)$9Latino classico. Dizionari in italiano 700 1$aConte,$bGian Biagio$0163584 701 1$aPianezzola,$bEmilio$0161771 701 1$aRanucci,$bGiuliano$0305079 801 0$aIT$bUniversità della Basilicata - B.I.A.$gRICA$2unimarc 912 $a000006022 996 $aDizionario della lingua latina$973900 997 $aUNIBAS BAS $aMONLET BAS $aMONOGR BAS $aLETTERE CAT $aLOTITO$b01$c20001122$lBAS01$h1040 CAT $aTROMBONE$b01$c20020516$lBAS01$h1235 CAT $aDILEO$b01$c20020529$lBAS01$h1325 CAT $c20050601$lBAS01$h1753 CAT $abatch$b01$c20050718$lBAS01$h1049 CAT $c20050718$lBAS01$h1108 CAT $c20050718$lBAS01$h1138 CAT $c20050718$lBAS01$h1152 CAT $aBATCH$b00$c20070503$lBAS01$h1732 CAT $aBATCH$b00$c20180801$lBAS01$h1239 FMT Z30 -1$lBAS01$LBAS01$mBOOK$1BASA1$APolo Storico-Umanistico$2DSLF$BCollezione DiSLF$3SL/6018$66018$5F6018$820001122$f98$FConsultazione$hCon fascicolo allegato all $aall $n0008822 LEADER 05709nam 22006375 450 001 9910144921603321 005 20251117003621.0 010 $a3-540-69065-4 024 7 $a10.1007/3-540-63045-7 035 $a(CKB)1000000000234642 035 $a(SSID)ssj0000324537 035 $a(PQKBManifestationID)11224802 035 $a(PQKBTitleCode)TC0000324537 035 $a(PQKBWorkID)10312558 035 $a(PQKB)10620906 035 $a(DE-He213)978-3-540-69065-8 035 $a(PPN)155203967 035 $a(EXLCZ)991000000000234642 100 $a20121227d1997 u| 0 101 0 $aeng 135 $aurnn#008mamaa 181 $ctxt 182 $cc 183 $acr 200 10$aLogical Foundations of Computer Science $e4th International Symposium, LFCS'97, Yaroslavl, Russia, July, 6 - 12, 1997, Proceedings /$fedited by Sergei Adian, Anil Nerode 205 $a1st ed. 1997. 210 1$aBerlin, Heidelberg :$cSpringer Berlin Heidelberg :$cImprint: Springer,$d1997. 215 $a1 online resource (IX, 436 p.) 225 1 $aLecture Notes in Computer Science,$x0302-9743 ;$v1234 300 $aBibliographic Level Mode of Issuance: Monograph 311 08$a3-540-63045-7 327 $aTopological semantics for hybrid systems -- Domain-free pure type systems -- Generic queries over quasi-o-minimal domains -- Towards computing distances between programs via Scott domains -- A safe recursion scheme for exponential time -- Finite model theory, universal algebra and graph grammars -- Complexity of query answering in logic databases with complex values -- Recognition of deductive data base stability -- The concurrency complexity for the Horn fragment of linear logic -- Studying algorithmic problems for free semi-groups and groups -- Learning small programs with additional information -- Cut elimination for the second order propositional logic with Hilbert's ?-symbol, extensionality, and full comprehension -- Finite bases of admissible rules for the logic S52 C -- An algebraic correctness criterion for intuitionistic proof-nets -- Towards a theory of recursive structures -- On the complexity of prefix formulas in modal logic of subset spaces -- The undecidability of second order linear affine logic -- Operational logic of proofs with functionality condition on proof predicate -- On linear ordering of strongly extensional finitely-branching graphs and non-well-founded sets -- Functions for the general solution of parametric word equations -- A proof procedure for hereditary Harrop formulas with free equality -- Basic forward chaining construction for logic programs -- Decidability and undecidability of the halting problem on Turing machines, a survey -- Case study: Additive linear logic and lattices -- Some decision problems for traces -- Existential instantiation and strong normalization -- Models for the logic of proofs -- Interpretation of the full computation tree logic CTL* on sets of infinite sequences -- Type introduction for equational rewriting -- Capturing bisimulation-invariant Ptime -- Equivalence of multiplicative fragments of cyclic linear logic and noncommutative linear logic -- A decidable fragment of second order linear logic -- Some results on Propositional Dynamic Logic with fixed points -- Quasi-characteristic inference rules for modal logics -- Provability logic with operations on proofs -- Formal verification of logic programs: Foundations and implementation -- Unification of terms with term-indexed variables -- Back-forth equivalences for design of concurrent systems -- Association nets: An alternative formalization of common thinking -- Simulating ?-expansions with ?-reductions in the second-order polymorphic ?-rcalculus -- Logical schemes for first order theories -- Verification of PLTL formulae by means of monotone disjunctive normal forms. 330 $aThis book constitutes the refereed proceedings of the 4th International Symposium on Logical Foundations of Computer Science, LFCS'97, held in Yaroslavl, Russia, in July 1997. The volume presents 42 revised refereed papers carefully selected by the program committee. All current issues of computer science logic are addressed. There is a certain emphasis on reporting the progress achieved by scientists from various parts of the former Soviet Union; but there are also many other strong papers from the international research community. 410 0$aLecture Notes in Computer Science,$x0302-9743 ;$v1234 606 $aComputers 606 $aLogic, Symbolic and mathematical 606 $aComputer logic 606 $aTheory of Computation$3https://scigraph.springernature.com/ontologies/product-market-codes/I16005 606 $aMathematical Logic and Formal Languages$3https://scigraph.springernature.com/ontologies/product-market-codes/I16048 606 $aLogics and Meanings of Programs$3https://scigraph.springernature.com/ontologies/product-market-codes/I1603X 606 $aMathematical Logic and Foundations$3https://scigraph.springernature.com/ontologies/product-market-codes/M24005 615 0$aComputers. 615 0$aLogic, Symbolic and mathematical. 615 0$aComputer logic. 615 14$aTheory of Computation. 615 24$aMathematical Logic and Formal Languages. 615 24$aLogics and Meanings of Programs. 615 24$aMathematical Logic and Foundations. 676 $a004/.01/5113 702 $aAdi?a?n$b S. I.$4edt$4http://id.loc.gov/vocabulary/relators/edt 702 $aNerode$b Anil$4edt$4http://id.loc.gov/vocabulary/relators/edt 712 12$aLFCS '97 906 $aBOOK 912 $a9910144921603321 996 $aLogical Foundations of Computer Science$9772536 997 $aUNINA